What is this thing called science? : (Record no. 12813)

000 -LEADER
fixed length control field 00522nam a2200169 a 4500
020 ## - INTERNATIONAL STANDARD BOOK NUMBER
ISBN 0702218316 (pbk.) :
040 ## - CATALOGING SOURCE
Transcribing agency DLC
082 00 - DEWEY DECIMAL CLASSIFICATION NUMBER
Classification number 501 UNI 1982 A028 Or.
100 1# - MAIN ENTRY--AUTHOR NAME
Personal name Chalmers, A. F.
245 10 - TITLE STATEMENT
Title What is this thing called science? :
Remainder of title an assessment of the nature and status of science and its methods /
250 ## - EDITION STATEMENT
Edition statement 2nd ed.
260 ## - PUBLICATION, DISTRIBUTION, ETC. (IMPRINT)
Place of publication St. Lucia, Qld. :
Name of publisher University of Queensland Press,
Year of publication 1982.
300 ## - PHYSICAL DESCRIPTION
Number of Pages xix, 179 p. :
Other physical details ill. ;
Dimensions 22 cm.
500 ## - GENERAL NOTE
General note Includes index.
650 #0 - SUBJECT ADDED ENTRY--TOPICAL TERM
Topical Term Science
942 ## - ADDED ENTRY ELEMENTS (KOHA)
Koha item type សៀវភៅភាសាអង់គ្លេស
952 ## - LOCATION AND ITEM INFORMATION (KOHA)
Withdrawn status [LOCAL, KOHA] 0
Holdings
Permanent Location Date acquired Koha item type Lost status Shelving location Barcode Current Location Full call number
Library Block A2017-08-17សៀវភៅភាសាអង់គ្លេស A028A15642Library Block A501 UNI 1982 A028 Or.
មជ្ឈមណ្ឌលឯការនៃសាកលវិទ្យាល័យភូមិន្ទកសិកម្មចំការដូង

Powered by Koha